000 00701nam a22001817a 4500
999 _c371646
_d371646
008 201127b ||||| |||| 00| 0 eng d
040 _aDE-2950
_bger
_cDE-2950
_erda
041 _ager
245 _aDoppelstadt zu Besuch in Neuss.
_bVon der Oder an den Rhein: Frankfurt und Slubice besuchten des 42. Internationalen Hansetag in Nordrhein-Westfalen/
_csob
264 _c2022
653 _aFrankfurt (Oder) - Slubice
653 _aHansetag Neuss
773 _dFrankfurt (Oder) Märkisches Verlags- und Druckhaus GmbH & Co KG
_tMärkische Oderzeitung
_g33. Jahrgang (2022) Nr. 124 vom 30.05.2022, S. 13
942 _cA